Tom Jones (Record no. 4708)
[ view plain ]
| 000 -LEADER | |
|---|---|
| fixed length control field | 00469nam a2200157Ia 4500 |
| 008 - FIXED-LENGTH DATA ELEMENTS--GENERAL INFORMATION | |
| fixed length control field | 151213s9999 xx 000 0 und d |
| 020 ## - INTERNATIONAL STANDARD BOOK NUMBER | |
| International Standard Book Number | 978-0-393-96594-0 |
| 100 ## - MAIN ENTRY--PERSONAL NAME | |
| Personal name | Henry Fielding ed. By . Sheridon Baker |
| 245 ## - TITLE STATEMENT | |
| Title | Tom Jones |
| Statement of responsibility, etc. | Henry Fielding ed. By . Sheridon Baker |
| 260 ## - PUBLICATION, DISTRIBUTION, ETC. (IMPRINT) | |
| Place of publication, distribution, etc. | New York London |
| Name of publisher, distributor, etc. | W.W.Norton & Company |
| Date of publication, distribution, etc. | 2002 |
| 300 ## - PHYSICAL DESCRIPTION | |
| Extent | 9148 p. |
| 650 ## - SUBJECT ADDED ENTRY--TOPICAL TERM | |
| Topical term or geographic name as entry element | English |
| 650 ## - SUBJECT ADDED ENTRY--TOPICAL TERM | |
| Topical term or geographic name as entry element | English |
| 700 ## - ADDED ENTRY--PERSONAL NAME | |
| Personal name | Henry Fielding ed. By . Sheridon Baker |
No items available.
